TEXTBOOK OF PHARMACOGNOSY AND PHYTOCHEMISTRY (Record no. 8415)

MARC details
000 -LEADER
fixed length control field 00479nam a22001817a 4500
005 - DATE AND TIME OF LATEST TRANSACTION
control field 20230829141638.0
008 - FIXED-LENGTH DATA ELEMENTS--GENERAL INFORMATION
fixed length control field 200517b xxu||||| |||| 00| 0 eng d
020 ## - INTERNATIONAL STANDARD BOOK NUMBER
ISBN 978938217738
041 ## - LANGUAGE CODE
Language code of text/sound track or separate title eng
082 ## - DEWEY DECIMAL CLASSIFICATION NUMBER
Classification number 615 SHA
100 ## - MAIN ENTRY--AUTHOR NAME
Personal name SHAH BIREN
245 ## - TITLE STATEMENT
Title TEXTBOOK OF PHARMACOGNOSY AND PHYTOCHEMISTRY
Statement of responsibility, etc SHAH, BIREN
250 ## - EDITION STATEMENT
Edition statement 2ND ED.
260 ## - PUBLICATION, DISTRIBUTION, ETC. (IMPRINT)
Place of publication New Delhi
Name of publisher CBS Publishers and distributors
Year of publication 2018
300 ## - PHYSICAL DESCRIPTION
Number of Pages 614P,
650 ## - SUBJECT ADDED ENTRY--TOPICAL TERM
Topical Term PHARMACY
942 ## - ADDED ENTRY ELEMENTS (KOHA)
Koha item type Books
Holdings
Lost status Damaged status Home library Current library Date acquired Source of acquisition Cost, normal purchase price Full call number Accession Number Koha item type
    JRU Library JRU Library 05/02/2020 PURCHASE 795.00 615 SHA 27081 Books